Contours of Relationship: (Record no. 192659)

MARC details
000 -LEADER
fixed length control field 00591nam a22001817a 4500
005 - DATE AND TIME OF LATEST TRANSACTION
control field 20221101120546.0
010 ## - LCCN (DPL NO)
LC control number ENG-135250
020 ## - INTERNATIONAL STANDARD BOOK NUMBER
Terms of availability 480.00
International Standard Book Number 9789386288615
035 ## - SYSTEM CONTROL NUMBER
System control number EN-118782
037 ## - SOURCE OF ACQUISITION
Source of stock number/acquisition DBAD/PUB
082 ## - DEWEY DECIMAL CLASSIFICATION NUMBER
Classification number 327.54056
245 ## - TITLE STATEMENT
Title Contours of Relationship:
Remainder of title India and the Middle East/
Statement of responsibility, etc Edited by Kingshuk Chatterjee
260 ## - PUBLICATION, DISTRIBUTION, ETC. (IMPRINT)
Place of publication, distribution, etc New Delhi
Name of publisher, distributor, etc K W publishers
Date of publication, distribution, etc 2017
270 ## - ADDRESS
City New Delhi
Address 4676/21, First Floor, Ansari Road Daryaganj
Postal code 110002
300 ## - PHYSICAL DESCRIPTION
Extent xiii,159p.
Dimensions 23cm(Hb)
700 ## - ADDED ENTRY--PERSONAL NAME
Personal name Chatterjee, Kingshuk
942 ## - ADDED ENTRY ELEMENTS (KOHA)
Source of classification or shelving scheme Dewey Decimal Classification
Item type English Books
Call number suffix CON
Classification part 327.54056
Holdings
Withdrawn status Lost status Not for loan Collection code Home library Current library Date acquired Source of acquisition Cost, normal purchase price Full call number Barcode Copy number Cost, replacement price Koha item type
      Non-fiction Bawana Bawana 28/09/2022 DBAD/PUB 480.00 327.54056 CON EN-118782 1 480.00 English Books

© Delhi Public Library
Hit Counter
free hit counter